000 00708nam a2200241 a 4500
001 19581
003 CO-ViMGA
008 141112s2004 ck r 000 u spa d
020 _a8484520048
040 _aCO-ViMGA
_bspa
_cCO-ViMGA
082 0 4 _aTEIm
100 1 _aTeisson, Janine
_928299
245 1 0 _aLa Maleta olvidada
260 _aMadrid :
_bIntermón; 2000
300 _a63 p.
490 _aPequeños ciudadanos
590 _aForma de adquisición : Premio Mincultura
650 1 4 _aACCIDENTES - CUENTOS INFANTILES
_928300
650 1 4 _aCUENTOS INFANTILES FRANCESES
_97840
650 1 4 _aENFERMEDADES - CUENTOS INFANTILES
_928301
650 1 4 _aMALETAS - CUENTOS INFANTILES
_928302
942 _2ddc
_cBK
999 _c28720
_d28720